Welcome to the Holygrace Academy Library

Please use search bar below to get started

THE POWER OF YOUR SUBCONSCIOUS MIND (Record no. 5570)

MARC details
000 -LEADER
fixed length control field 00331nam a22001337a 4500
020 ## - INTERNATIONAL STANDARD BOOK NUMBER
ISBN 978-1-4711-7939-6
082 ## - DEWEY DECIMAL CLASSIFICATION NUMBER
Classification number 150
Item number MUR/P
100 ## - MAIN ENTRY--AUTHOR NAME
Personal name MURPHY,JOSEPH
245 ## - TITLE STATEMENT
Title THE POWER OF YOUR SUBCONSCIOUS MIND
260 ## - PUBLICATION, DISTRIBUTION, ETC. (IMPRINT)
Place of publication NEWDELHI
Name of publisher SIMON&SCHUSTER
300 ## - PHYSICAL DESCRIPTION
Number of Pages 297
650 ## - SUBJECT ADDED ENTRY--TOPICAL TERM
Topical Term POWERFUL SELF HELP GUIDES
Geographic subdivision NEW DELHI
942 ## - ADDED ENTRY ELEMENTS (KOHA)
Koha item type Books
Holdings
Withdrawn status Lost status Collection code Home library Current library Shelving location Date acquired Source of acquisition Full call number Accession Number Koha item type
    Reference Main Library Main Library SHELF-17-I-BIOGRAPHIES & AUTOBIOGRAPHIES 25/01/2019 PURCHASE 150 MUR/P 10673 Books